000 00715nam a22002292 4500
001 0000024449
005 20151217152302.0
008 131125s xx 000 0 eng d
020 _a1405193542 :
040 _aKABU
_cKABU
245 1 0 _aPractical resuscitation for healthcare professionals /
_cedited by Pam Moule and John W. Albarran.
250 _a2nd ed.
260 _aOxford :
_bBlackwell,
_c2009.
300 _ax, 236 p.
650 0 _aResuscitation.
_@0000184574
650 0 _aEmergency nursing.
_@0000183307
700 1 _aMoule, Pam.
_@0000181923
700 1 _aAlbarran, John W.
_@0000184575
852 1 _9p4800 KES
908 _a131125
950 _@1
999 _c10286
_d10286